Twarzą w twarz - państwa - Statystyki

Ogólne statystyki
  • Ten quiz został rozwiązany 68 099 razy
  • Średni wynik to 11 z 15
Statystyki odpowiedzi
Zagadnienie Odpowiedź % Poprawnych
Które państwo jest większe?
96%
Nazwa którego mieszkańca kończy się na -ak?
94%
Które państwo miało więcej turystów w skali rocznej w 2018 roku?
90%
Które państwo ma dłuższą linię brzegową?
90%
Które państwo ma większą liczbę ludności?
87%
Które państwo ma bardziej wysunięty na północ punkt?
87%
Które państwo ma więcej głowic nuklearnych?
76%
Które państwo graniczy z większą liczbą państw?
76%
Które z poniższych leży w Afryce?
76%
Które państwo używa dolarów?
67%
Które państwo ma więcej języków urzędowych?
67%
Które państwo miało więcej zgonów podczas II wojny światowej?
65%
Które jest bliższe do Australii?
62%
Które państwo ma niższą średnią temperaturę powietrza?
55%
Które państwo ma więcej ludności?
52%
Nie znaleziono quizów pasujących do podanych kryteriów
Rozkład punktacji
Procent ludzi z każdym wynikiem
Percentyl według liczby udzielonych odpowiedzi
Twoja historia wyników
Nie rozwiązałeś tego quizu